| 000 | 00684nam a22002057a 4500 | ||
|---|---|---|---|
| 003 | OSt | ||
| 005 | 20230726121106.0 | ||
| 008 | 220915b |||||||| |||| 00| 0 eng d | ||
| 040 | _cBiblioteca Lado V | ||
| 082 |
_a730 _bM385d |
||
| 100 |
_aMartínez, Jacques _9920 _eautor |
||
| 245 |
_aDompe/ _bEsculturas/ |
||
| 260 |
_aArgentina _bGalería de Arte Contemporáneo _c1987 |
||
| 300 |
_a7p. _c21x20cm |
||
| 650 |
_2Tesauro de Arte & Arquitectura _aESCULTURA |
||
| 650 |
_2Tesauro de Arte & Arquitectura _aARTE |
||
| 650 |
_2Tesauro de Arte & Arquitectura _aARTE VISUAL |
||
| 651 |
_2Tesauro de Arte & Arquitectura _aARGENTINA |
||
| 942 |
_2ddc _c1 _h730 _iM385d _n0 |
||
| 999 |
_c4100 _d4100 |
||